000 02875nam0a2200397 i 4500
001 RU\NLR\BIBL_A\010458847
005 20260407055910.0
010 _a9785918450505
_940
021 _aRU
_b2014-48613
_92938
035 _a(NILC)RuMoRGB-007518231
035 _a(NLR Aleph) 010458847
090 _a9965025
_c9965025
100 _a20140905d2014 km y0rusy50 ca
101 0 _arus
102 _aRU
105 _ay|||z|||000yy
200 1 _aПоддержка информационной инфраструктуры институтов РАН для развития инновационной деятельности в области химии, химической технологии и биохимии
_e[сборник тезисов пленарных докладов на Международном семинаре], Черноголовка, 11-14 марта 2014 года
_f[редкол.: чл.-корр. РАН В. Б. Минцев [и др.]
210 _aЧерноголовка
_cредакционно-издательский отдел ИПХФ
_d2014
215 _a29, [1] с.
_cтабл.
_d21
300 _aВ надзаг.: Российская акад. наук, Ин-т проблем хим. физики РАН, Ин-т органической химии им. Н. Д. Зелинского РАН, Российский фонд фундаментальных исслед., Chemical abstracts service, USA
320 _aБиблиогр.: с. 29-30 (12 назв.)
606 1 _aБиохимия
_jТезисы докладов
_xИнформационные системы
_92196674
_3RU\NLR\AUTH\6601555497
606 _aХимия
_jТезисы докладов
_xИнформационные системы
_91192424
_3RU\NLR\AUTH\66481464
606 1 _aХимическая технология
_jТезисы докладов
_xИнформационные системы
_92090542
_3RU\NLR\AUTH\661265360
686 1 _aГ.ф.я431(0)
686 1 _aЛ10ф.я431(0)
686 1 _aЕ072ф.я431(0)
702 1 _aМинцев
_bВ. Б.
_gВиктор Борисович
_4340
711 1 2 _a"Поддержка информационной инфраструктуры институтов РАН для развития инновационной деятельности в области химии, химической технологии и биохимии", международный семинар
_eЧерноголовка
_f2014
_9423081
_3RU\NLR\AUTH\880378374
712 0 2 _4570
_aИнститут проблем химической физики
_cЧерноголовка
_3RU\NLR\AUTH\8810026597
_9551388
801 0 _aRU
_bРГБ
_c20140709
_gRCR
801 1 _aRU
_bРГБ
_c20140709
_2rusmarc
942 _cBOOK
980 _aNBR